000 00219nam a22000857a 4500
008 170614b xxu||||| |||| 00| 0 eng d
100 _93400
_aSingh. P
245 _aWork Book Science - VIII
260 _aNew Delhi
_bH. F. I
_c2009
999 _c6762
_d6762